[Event "Kharkov Rector Cup 4th"]
[Site "Kharkov"]
[Date "2002.03.24"]
[Round "3"]
[White "Kobalia, Mihail"]
[Black "Moiseenko, Alexander"]
[Result "1-0"]
[WhiteElo "2620"]
[BlackElo "2559"]
[Annotator "Tsesarsky,I"]
[PlyCount "99"]
[EventDate "2002.03.22"]
[EventType "tourn"]
[EventRounds "10"]
[EventCountry "UKR"]
[EventCategory "13"]
[SourceTitle "CBM 089"]
[Source "ChessBase"]
[SourceDate "2002.08.12"]
[SourceVersion "1"]
[SourceVersionDate "2002.08.12"]
[SourceQuality "1"]

1. e4 c5 2. Nc3 Nc6 3. Nge2 g6 4. d4 cxd4 5. Nxd4 Bg7 6. Be3 Nf6 7. Bc4 O-O 8.
O-O Nxe4 9. Nxe4 d5 10. Nxc6 bxc6 11. Bd3 dxe4 12. Bxe4 Qc7 13. c3 {[%csl Ra7,
Rc6] This position is equal, inspite of certain PP chain damage in the Black
camp.} Rb8 (13... Be6 $1 {[%cal Ge6d5] -the simpliest way to recieve equation.}
14. Qc2 Bd5 15. Rfd1 Rfd8 $11 {1-0 Naerland,T-Stojanovic,M/Rimavska Sobota
1992/EXT 97 (45)}) (13... Rd8 $6 14. Qa4 Bd7 15. Rfd1 Rdc8 16. Rd2 Be6 17. Bxc6
Qxc6 18. Rd8+ Rxd8 19. Qxc6 $16 {1-0 Paramos Dominguez,R-Permuy Lorenzo,C/La
Coruna 1993/EXT 98 (42)}) (13... e5 14. Qa4 Bb7 15. Rfd1 f5 16. Bd3 Kh8 17. f3
Bf6 18. Bf1 $14 {1/2-1/2 Dusek,M-Widera,J/Ceske Budejovice 1996/EXT 2001 (41)})
(13... f5 $5 14. Bf3 (14. Qb3+ Kh8 15. Bf3 e5 16. Bc5 Rd8 $11 (16... Rf6 $6 17.
Rfd1 e4 18. Be2 g5 19. Qa3 $14 {1/2-1/2 Fernandes,A-Antunes,A/Paz e Amizade
1985/EXT 99 (103)})) 14... e5 15. Bc5 Rd8 16. Qb3+ Kh8 {-position from
previous game's variation - see above.} 17. Rfd1 Ba6 18. Rxd8+ Rxd8 19. Qa4 Bb5
20. Qxa7 Qxa7 21. Bxa7 e4 22. a4 Ba6 23. Bd1 Rd2 24. Rb1 f4 $44 {1/2-1/2
Nisipeanu,L-Bogdan,D/ROM-ch 1992/EXT 97 (43)}) 14. Qe2 (14. Qc2 Be6 {Another
methods also are acceptable:} (14... e5 15. Bc5 (15. f3 f5 16. Bd3 Be6 17. Bc5
Rf7 18. b3 Bf8 19. Bxf8 Rbxf8 $11 {0-1 Dimovski,N-Dimitrijevic,S/Leskovac YUG
2002/The Week in Chess 381 (44)}) 15... Rd8 16. Rfd1 Be6 17. b3 f5 18. Bd3 (18.
Bf3 Bd5 19. Be2 Bf6 20. b4 Be7 21. Bxe7 Qxe7 22. Bf1 e4 $11 {0-1 Cvicela,
A-Widera,J/Hlohovec 1996/EXT 2000 (31)}) 18... Rd7 19. Be2 Rbd8 20. Rxd7 Rxd7
21. Rd1 e4 $11 {0-1 Santos,M-Aponte,A/Duisburg 1992/TD (56)}) (14... f5 15. Bd3
(15. Bf3 e5 16. Bc5 Rd8 17. Rad1 Be6 18. Rxd8+ Rxd8 19. Rd1 Rxd1+ 20. Qxd1 Bxa2
21. Qa4 $11 {1/2-1/2 Middelburg,T-Schebler,G/Enschede NED 2002/The Week in
Chess 392 (71)}) 15... Be6 16. f4 c5 17. Kh1 Bd5 18. b3 e5 $11 {1/2-1/2
Meszaros,T-Szeles,K/HUN 1998/EXT 2000 (23)}) 15. Rfe1 a5 16. b3 c5 17. Qc1 Be5
18. f4 Bg7 19. Rb1 a4 $11 {1/2-1/2 Mestrovic,Z-Szeles,K/Keszthely 1981/MCD (52)
}) 14... Be6 (14... c5 15. g3 Bb7 $14 (15... Rb6 $6 16. Rfd1 Ba6 17. Qc2 Bb7
$11 (17... Rfb8 $2 18. b4 cxb4 19. Bxb6 Rxb6 20. cxb4 Qxc2 21. Rd8+ Bf8 22.
Bxc2 Rxb4 23. Rb1 $16 {1-0 Zambrana,O-Mauwa,T/Istanbul 2000/EXT 2001 (44)})))
15. Rfd1 Rfd8 (15... Rfc8 16. Bd4 Bxd4 17. Rxd4 c5 18. Rd2 Qe5 19. c4 Rd8 20.
Rad1 Rxd2 21. Rxd2 Rb4 22. b3 a5 23. Bc6 $11 {1/2-1/2 Tissir,M-Prie,E/FRA 1998/
CBM 64 ext (41)}) 16. Rxd8+ Rxd8 17. Bc5 {[%csl Re7][%cal Gc5e7]} Bd5 $2 $16 {
Black sacrifices P with hope that his pieces activity will be sufficient
compensation. Let's see, is it right evaluation or not.} ({Right was} 17... Be5
{[%csl Rh2][%cal Gc7h2]} 18. h3 Bd5 $11) (17... Qe5 18. Qe3 (18. Bd4 Qb5 $11)
18... Bd5 19. Bxd5 Rxd5 20. Bxa7 Qd6 21. h3 $14) 18. Bxd5 Rxd5 19. Qxe7 Qxe7
20. Bxe7 Rd2 21. Rb1 f5 22. Bg5 Rd7 {Compensation hope crush...} ({Badly is} 
22... Rc2 $2 {in view of} 23. Be3 a6 (23... a5 24. a4 $18 {[%csl Ra5,Rc2][%cal
Gg1d1]}) 24. Kf1 {[%csl Rc2][%cal Gf1d1]} Be5 25. Ke1 f4 26. Bc5 $18 {[%csl
Rc2][%cal Ge1d1] and Rc2 in trouble!}) 23. Kf1 Rb7 24. Bd2 Kf7 25. Ke2 {
There is no any compensation for P lack...} Be5 26. Kd3 Rd7+ 27. Kc2 f4 28. Re1
Bc7 29. Re4 g5 30. g3 (30. f3 h5 31. h3 $16) 30... fxg3 31. fxg3 h6 32. Rc4 Rd6
33. h4 $5 (33. g4 Re6 34. h3 Bb6 35. a4 $16 {[%cal Gb2b4]}) 33... gxh4 $6 $18 (
{More stubborn was} 33... Kg6 34. hxg5 hxg5 35. Rc5 Bd8 36. b4 $16 {[%cal
Ga2a4]}) 34. Bf4 $1 {An effective advantage realization way!} Rd7 ({Or} 34...
hxg3 35. Bxd6 Bxd6 36. Kd3 h5 (36... Bc5 37. Rg4 Bd6 38. Ke2 h5 39. Rc4 c5 40.
Ra4 Bb8 41. Kf3 $18) 37. Ke2 c5 38. Kf3 {and eventually White wins:} a5 39. a3
Kf6 40. Ra4 Bc7 41. Kg2 Kg5 42. Kh3 Kf5 43. Rh4 Kg5 44. Re4 Kf5 45. Re7 Be5 46.
Rh7 Kg5 47. Ra7 Kf4 48. Rxa5 Kf3 49. Ra7 h4 50. Rf7+ Ke4 51. a4 $18) (34... Rg6
35. Bxc7 hxg3 36. Bb8 $18) 35. Bxc7 Rxc7 36. Rxh4 Kg6 37. Rc4 {[%csl Rc6]
Black R's role is to protect c6 weakness...} Kf5 38. b4 Ke5 39. Rh4 Rh7 {
[%csl Rh6]} 40. Rh5+ Ke4 41. g4 Rg7 (41... Kf4 42. g5 Kg4 43. Rxh6 $18) 42.
Rxh6 c5 43. bxc5 Rxg4 44. Rd6 Ke5 45. Kb3 Rh4 46. Rd4 Rh8 47. Kc4 Rc8 48. Rd7
a6 49. Rd6 a5 50. Rh6 1-0

[Event "NED-ch56"]
[Site "Leeuwarden"]
[Date "2001.06.26"]
[Round "5"]
[White "Van den Doel, Erik"]
[Black "Tiviakov, Sergei"]
[Result "0-1"]
[WhiteElo "2574"]
[BlackElo "2603"]
[Annotator "Tsesarsky,I"]
[PlyCount "132"]
[EventDate "2001.06.20"]
[EventType "tourn"]
[EventRounds "9"]
[EventCountry "NED"]
[EventCategory "12"]
[SourceTitle "CBM 084"]
[Source "ChessBase"]
[SourceDate "2001.09.13"]
[SourceVersion "1"]
[SourceVersionDate "2001.09.13"]
[SourceQuality "1"]

1. e4 c5 2. Nf3 Nc6 3. d4 cxd4 4. Nxd4 g6 5. Nc3 Bg7 6. Be3 Nf6 7. Bc4 O-O 8.
Bb3 a5 9. O-O d6 {This continuation became more popular in view of certain
difficulties in the mainline:} (9... a4) 10. f3 (10. h3 Bd7 (10... Nd7 $2 11.
Bxf7+ $1 {1/2-1/2 Nataf,I-Pigusov,E/France 2000/EXT 2001 (11)} Rxf7 (11... Kxf7
$4 12. Ne6 Qe8 13. Nc7 Bxc3 (13... Qd8 14. Qd5+ Kf6 15. Bg5#) 14. Nxe8 $18) 12.
Ne6 Qe8 13. Nc7 Qd8 14. Nxa8 (14. Ne6 $11) 14... b6 (14... Bxc3 15. bxc3 b6 16.
Qd5 Bb7 17. Nxb6 Nxb6 18. Qb5 $18 {[%csl Rb6,Rb7]}) 15. Nb5 Bxb2 16. Rb1 Bg7
17. Nac7 $16) (10... Nxd4 11. Bxd4 Bd7 12. a3 Bc6 13. f4 Nd7 14. Nd5 $14 {
1-0 Motylev,A-Guseinov,K/St Petersburg 2000/EXT 2001 (32)}) 11. a4 Nxd4 12.
Bxd4 Bc6 13. Qd3 Qc7 14. Rad1 Rfd8 15. Qe3 Nd7 16. Bxg7 Kxg7 17. Qd4+ f6 18.
Nd5 $14 {1-0 Svidler,P-Malcsev,A/St Petersburg 1999/CBM 73 ext (33)}) (10. Ndb5
Ng4 11. Bg5 h6 12. Bd2 Kh7 13. h3 Nge5 14. a4 f5 $132 {1-0 Jaracz,P-Agdestein,
S/Cappelle la Grande FRA 2001/The Week in Chess 330 (57)}) 10... Nxd4 11. Bxd4
Bd7 (11... Be6 12. a4 Rc8 13. Nd5 Bxd5 14. exd5 Nd7 15. Bxg7 Kxg7 16. Qd4+ Kg8
17. Rfe1 $14 {0-1 Piuva,M-Ristoja,T/FIN 1980/EXT 99 (53)}) 12. a4 Bc6 $1 {
[%mdl 4]} (12... Be6 13. Ra3 Nd7 14. Bxg7 Kxg7 15. f4 Rc8 16. Qd4+ Kg8 17. f5
Bxb3 18. Rxb3 b6 19. h4 $14 {1-0 Ivanovic,B-Nikcevic,N/Herceg Novi 2000/EXT
2001 (46)}) 13. Kh1 {Another continuations also doesn't bring nothing to White:
} (13. Qd2 Nd7 14. Kh1 Bxd4 15. Qxd4 Qb6 16. Qd2 Nc5 17. Bd5 Qb4 $132 {1-0
Gazik,I-Franzoni,G/Groningen 1979/EXT 2001 (59)}) (13. Rf2 Nd7 14. Bxg7 Kxg7
15. Qd4+ Kg8 16. Nd5 Nc5 $11 (16... Bxd5 17. Bxd5 Rb8 18. Ra3 $14 {1/2-1/2
Rigo,J-Doery,J/Frankfurt 1989/EXT 97 (41)})) (13. Nd5 Nd7 14. Bxg7 Kxg7 15.
Qd4+ Kg8 16. Rfe1 Nc5 (16... Rc8 17. Kh1 Nc5 18. Re3 Rb8 19. h3 b6 20. Rd1 b5
$132 {0-1 Szoen,D-Guseinov,K/Oropesa del Mar 2000/EXT 2001 (36)}) 17. Re3 Rc8
18. Nc3 Qb6 19. Nd5 Qd8 $132 {1-0 Berg,E-Guseinov,K/Aviles 2000/CBM 77 ext (37)
}) 13... Nd7 14. Bxg7 Kxg7 15. f4 Qb6 16. Qd2 ({Black equalized without
problems in the next game:} 16. Ra2 Qb4 17. Re1 e6 18. Ra1 Nc5 19. Na2 Qb6 20.
Qd4+ Kg8 21. Rad1 {1/2-1/2 Short,N-Wojtkiewicz,A/Reykjavik 2000/CBM 75 ext (21)
}) 16... Qb4 17. Qe3 $6 $15 {After that inaccuracy position of Black became
better.} ({Right was} 17. f5 $1 f6 (17... Bxe4 18. Nxe4 Qxe4 19. Rae1 $16) 18.
Bd5 Ne5 $11) 17... Nc5 {[%csl Rb2,Rb3,Re4]} 18. Nd5 ({Or} 18. Bd5 Bxd5 19. exd5
Qxb2 20. f5 (20. Ra2 Qb4 21. f5 Qh4 $1 $15) 20... Rae8 21. Ra2 Qb6 $15) 18...
Qxe4 19. Qxe4 Nxe4 20. Rfe1 $2 $17 {White put mistake again.} (20. Nxe7 $142
Rfe8 21. Nxc6 bxc6 22. Rad1 Rad8 23. Kg1 Nc5 $15 {_|_}) 20... Nc5 {[%csl Rb3,
Rd5][%cal Gc5b3]} 21. Nc7 $2 $19 ({The only reply was} 21. Nxe7 $142 Be4 $1 $17
{[%csl Rb3,Ge4][%cal Gc5b3,Gf8e8]}) 21... Nxb3 $2 $17 ({I really don't
understand, why Sergey didn't play} 21... Rac8 $1 22. Rxe7 (22. Nb5 Nxb3 23.
cxb3 Kf6 $19) 22... Kf6 23. Rae1 Ne4 $1 {Maybe this strong N jump disconnects
white RR and wins exchange was missed by Black?} (23... Be4 $4 24. R1xe4 $16 {
[%cal Gc7d5]}) 24. Nd5+ (24. R7xe4 Bxe4 25. Rxe4 Rxc7 $19) 24... Bxd5 25. Bxd5
Kxe7 26. Rxe4+ Kf6 27. c3 Rfe8 $19) 22. cxb3 Kf6 $2 $44 {Based on wrong
positin evaluation.} ({Can be recommended much stronger} 22... Rad8 $1 23. Rxe7
$8 Kf6 $1 {[%csl Rf4][%cal Gf6f5,Gf5f4,Gc6h1] In this endgame Black has
serious, maybe decisive advantage because of many factors: Bc6 is better than
Nc7, Pf4 is weak, PPb2,b3 are doubled, Black K is more active than White
opponent.} 24. Re2 (24. Rae1 Kf5 25. Kg1 Kxf4 26. Rf1+ Kg4 27. Rfxf7 Rxf7 28.
Rxf7 Rd7 29. Rxd7 Bxd7 $17) 24... Kf5 (24... Rd7 $2 25. Ne8+ Kf5 26. Rd1 d5 27.
Ng7+ Kxf4 28. Ne6+ $1) 25. Rf1 (25. Rd1 Kxf4 26. Rf1+ Kg4 27. Ref2 Rd7 28. Rf4+
Kh5 29. Ne6 Rc8 30. Rxf7 Rxf7 31. Rxf7 Bd5 32. Rxh7+ Kg4 33. Nc7 Bxb3 $17 {
[%csl Ra4]}) 25... Rd7 26. Nb5 Bxb5 27. axb5 Rc8 28. g3 Rc5 29. b6 Rb5 30. Ra1
d5 $17) 23. Nxa8 Rxa8 24. Rad1 Ra6 25. Re3 Rb6 26. Rd4 e6 27. Kg1 Bd5 28. Rdd3
Kf5 29. g3 {White successfully protects of his weaknesses and has reliable
position. Black has certain initiative, but White must be patient.} h5 30. Kf2
h4 31. Rc3 f6 32. Red3 Be4 33. Re3 (33. Rd1 Bd5 34. Rdd3 $44) 33... hxg3+ 34.
Kxg3 $2 {[%csl Rf4] This terrible move cannot be explaned...} ({Why not} 34.
hxg3 $142 Bd5 (34... d5 35. Rc5 e5 36. fxe5 fxe5 37. Rc8 (37. Rxa5 $5) 37...
Rf6 38. Re8 $44) (34... e5 35. fxe5 fxe5 36. Rc8 d5 37. Rf8+ Kg4 (37... Rf6 38.
Rxf6+ Kxf6 39. Rc3 $14) 38. Re8 Rf6+ 39. Ke1 Kf5 40. Re7 Rb6 $44 (40... d4 41.
Re2 {[%csl Re5]} Rc6 42. g4+ Kf6 43. Re8 Rc1+ 44. Kf2 Rc2 45. Rxc2 Bxc2 46. Rb8
$44)) 35. Red3 Kg4 36. Re3 g5 37. fxg5 Kxg5 38. Red3 f5 39. Ke2 Rb4 40. Kf2 $44
) 34... Bd5 35. Rc8 (35. Rcd3 Rb4 $17 {[%csl Rf4] -result of previous mistake..
.}) 35... Bxb3 36. Ra8 Bd5 37. b3 Rc6 $2 $44 ({Right was} 37... Rb4 $1 38. Rxa5
Rxf4 $17) 38. Rxa5 Rc1 39. Rb5 $4 $19 {Position of White became lost again...}
({Strong was nonstandard} 39. Rf3 $1 Rg1+ (39... Ke4 40. Rb5 Rg1+ 41. Kf2 Rf1+
42. Kxf1 Kxf3 43. Rb4 Be4 44. Rb6 Kxf4 45. Rxd6 Bd5 46. b4 $16) 40. Kf2 Rd1 41.
Ke3 Rb1 42. Rb5 {And Black can't improve his pieces location.}) 39... Rg1+ 40.
Kf2 Rg2+ 41. Ke1 Rxh2 42. a5 Kxf4 43. Re2 Rh3 ({Wins also simple RR exchange:} 
43... Rxe2+ 44. Kxe2 g5 45. Rb6 (45. Rxd5 exd5 46. b4 g4 47. b5 g3 48. a6 bxa6
49. bxa6 d4 50. a7 d3+ 51. Kxd3 g2 52. a8=Q g1=Q 53. Qe4+ Kg5 54. Qd5+ Kh4 $19)
45... g4 (45... Ke5 46. b4 g4 47. b5 f5 48. a6 bxa6 49. bxa6 g3 50. Rb5 $18)
46. b4 (46. Rxd6 Bxb3 $19) 46... g3 47. b5 (47. Rxd6 Bc4+ 48. Ke1 Kf3 49. Rd8
g2 50. Rg8 e5 $19) 47... Bc4+ 48. Ke1 Kf3 49. Rxb7 g2 50. Rg7 Bxb5 $19) 44.
Rf2+ Ke5 45. Re2+ Kd4 46. b4 (46. Rb6 Rxb3 47. Rxd6 Re3 $1 $19) 46... Rh1+ 47.
Kd2 Kc4 48. Rb6 f5 49. Ke3 Rh4 (49... g5 $19) 50. Rc2+ Kb3 51. Rc1 f4+ 52. Kd3
Rh3+ 53. Kd2 Bc4 54. Rb1+ Ka2 55. Rc1 Rd3+ 56. Kc2 e5 57. b5 (57. Rd1 $5 e4 58.
Rxd3 Bxd3+ 59. Kd2 Kb3 60. Rxb7 Bc4 $19 {[%cal Ge4e3,Gf4f3]}) 57... e4 58. Rb1
Rh3 59. a6 Bd3+ 60. Kd2 Bxb1 61. axb7 e3+ 62. Ke2 (62. Kc3 e2+ 63. Kd2 Re3 64.
Ke1 f3 $19) 62... Rh2+ 63. Kf3 Rf2+ 64. Kg4 e2 65. b8=Q e1=Q 66. Ra6+ Kb2 0-1

[Event "RUS-Cup10"]
[Site "Tomsk"]
[Date "1997.07.27"]
[Round "6"]
[White "Frolov, Denis"]
[Black "Batsanin, Dmitry"]
[Result "0-1"]
[WhiteElo "2325"]
[BlackElo "2360"]
[Annotator "Tsesarsky,I"]
[PlyCount "68"]
[EventDate "1997.07.21"]
[EventType "swiss"]
[EventRounds "9"]
[EventCountry "RUS"]
[SourceTitle "EXT 2000"]
[Source "ChessBase"]
[SourceDate "1999.11.16"]
[SourceVersion "1"]
[SourceVersionDate "1999.11.16"]
[SourceQuality "1"]

1. e4 c5 2. Nf3 g6 3. d4 Bg7 4. Nc3 cxd4 5. Nxd4 Nc6 6. Be3 Nf6 7. Bc4 Qa5 8.
O-O O-O 9. Bb3 d6 10. h3 Bd7 11. f4 Qh5 (11... Rad8 $5 12. Qd3 Nxd4 13. Bxd4
Bc6 14. Rae1 Nd7 15. Bxg7 Kxg7 16. Qd4+ Nf6 17. f5 Qb6 18. Qxb6 axb6 19. g4 g5
$14 {Short,N-Kortschnoj,V Garmisch-Partenkirchen 25' (03) 1994 1/2 32 -EXP 43})
12. Nf3 (12. Qd3 b5 $1 13. Rae1 a5 14. a3 b4 15. Nxc6 Bxc6 16. axb4 axb4 17.
Nd5 Nxd5 18. exd5 Bd7 $11 {Short,N-Kamsky,G (02)/PCA-WchQual2 Linares ;CBM 43
1994/0-1 (52)}) (12. Qxh5 Nxh5 13. Rad1 $10) 12... b5 13. a3 a5 (13... Rad8 14.
Qe1 a5 15. Nd2 b4 16. axb4 axb4 17. Nd1 Ra8 18. Nf2 Qb5 19. Bc4 Qb7 20. Nb3 Nh5
21. Rxa8 Rxa8 22. Nd3 Qc7 23. Nxb4 $4 Nxb4 24. Qxb4 Ra4 $19 {0-1 Galdunts,
S-Martinovic,S/Schwäbisch-Gmünd sp 1996 (26)}) 14. Qd3 a4 (14... b4 15. Ne2
bxa3 16. Ng3 axb2 17. Nxh5 bxa1=Q 18. Rxa1 Nxh5 19. c3 $13) 15. Ba2 (15. Bd5
Nxd5 (15... e6 16. Bxc6 Bxc6 17. Nd4 (17. Bd4 Rfd8 18. Nh2 Nd7 19. Bxg7 Kxg7
20. Qxd6 $16 {1-0 Geenen,M-Praet,M/ch-BEL, Geel 1996 (41)}) 17... Bb7 18. f5
gxf5 19. exf5 e5 20. Ndxb5 d5 21. Bc5 Rfc8 22. Be7 d4 23. Bxf6 Bxf6 24. Ne4 Bh4
25. Nbd6 Ba6 {1-0 Garcia,Gi-Zamora,J/New York op (04) 1994}) 16. exd5 (16. Nxd5
Bxb2 $2 17. Rab1 Bg7 18. Nb6 Ra7 19. Rxb5 $18) 16... Na5 17. Bd4 Qh6 (17... Nc4
18. Bxg7 Kxg7 19. Rfe1 Rfe8 20. Ne4 $10) 18. Rae1 Rfe8 19. Nxb5 $16 {1-0
Polgar,J-Kamsky,G/Buenos Aires Sicilian 1994 (38)}) 15... b4 (15... Rab8 16.
Ne2 b4 17. e5 dxe5 18. Ng3 e4 19. Nxe4 Qf5 20. Nfg5 Nxe4 21. Nxe4 Rfd8 22. g4
Qa5 23. Qc4 e6 24. Rad1 Qb5 $11 {1-0 Danilovic Alexander-Batsanin Dmitry/Cup G.
Kasparov, Moscow (Russia) 1996 (39)}) 16. Ne2 Qa5 17. Ned4 (17. Rad1 Rac8 (
17... Rab8 $132) 18. g4 h5 (18... bxa3 19. bxa3 Rb8 $11) 19. e5 dxe5 20. fxe5
Nxe5 21. Nxe5 Qxe5 22. Bd4 Qb5 23. Bxf6 exf6 $5 (23... Qxd3 $1 24. Rxd3 Bxf6
25. Rxd7 Rxc2 (25... hxg4 26. Bb1 $14) 26. Nf4 hxg4 27. Nxg6 b3 28. Bxb3 axb3
29. Nxf8 gxh3 30. Rd8 Kg7 31. Kh1 Be5 32. Rg1+ Kh6 33. Rb1 Rh2+ 34. Kg1 Rg2+
35. Kf1 Rc2 36. Kg1 (36. Rd3 h2 37. Rh3+ Kg5 38. Re1 Kg4 $1 $17) 36... Rg2+ $11
) 24. Qxd7 Qxe2 $2 (24... Qxd7 25. Rxd7 Rxc2 26. Nf4 Rxb2 (26... b3 27. Bb1
Rxb2 28. gxh5 Bh6 29. Bd3 $16) 27. Rf2 Rxf2 (27... bxa3 28. Nxg6 $18) 28. Kxf2
b3 29. Bb1 hxg4 30. hxg4 Rb8 $132) 25. Bxf7+ $1 Kh7 $2 (25... Kh8 $1 26. Bxg6
Qe3+ 27. Kg2 bxa3 28. bxa3 Qxa3 $16) 26. Bxg6+ $18 Kh8 (26... Kxg6 27. Qf5+ Kf7
28. Rfe1 $18) 27. Qf5 $2 (27. Rde1 Qa6 (27... Rcd8 28. Qf5 Qd2 29. Qxh5+ Qh6 (
29... Bh6 30. Re7 $18) 30. Qxh6+ Bxh6 31. axb4 $18) 28. Rf5 Qb6+ 29. Kh1 Rc5
30. axb4 Rxf5 (30... Qxb4 31. Qe7 $18) 31. Qxf5 Qc6+ 32. Kg1 Qb6+ 33. Kf1 Rd8
34. Bf7 $18) 27... Qe3+ 28. Kg2 Qg5 $2 (28... Rc5 $16) 29. Qe4 $18 {1-0
Kreuzholz,M-Schuck,S/FRG-chJB Muenster 1990/EXT 90ch2 (38)} (29. axb4 $18)) (
17. Rae1 Rab8 18. Ned4 Nxd4 19. Bxd4 b3 20. cxb3 (20. Bb1 bxc2 21. Qxc2 Rfc8
$15) 20... Bb5 $17 {0-1 Dabetic,R-Novoselski,Z/JUG-chT (Cetinje) 1993/TD 93\08
(41)}) 17... Nxd4 18. Nxd4 (18. Bxd4 b3 19. Bb1 (19. cxb3 Bb5 20. Qe3 axb3 21.
Bxb3 Bxf1 22. Rxf1 Rfb8 $17) 19... d5 20. exd5 Bf5 21. Qe2 bxc2 22. Bxc2 Bxc2
23. Qxc2 Rac8 24. Qe2 Nxd5 25. Bxg7 Kxg7 26. Nd4 Qb6 $15) 18... e5 19. axb4 (
19. Ne2 b3 20. Bb1 (20. fxe5 dxe5 21. Bb1 Bb5 22. c4 Rfd8 23. cxb5 Rxd3 24.
Bxd3 $17) 20... exf4 21. Bxf4 Nxe4 $1 22. cxb3 (22. Qxe4 Bxb2 $19) 22... axb3
23. Qxe4 Bxb2 24. Bd3 Bxa1 25. Rxa1 b2 $17) 19... Qxb4 20. Nf3 (20. Ne2) 20...
Qxe4 21. fxe5 (21. Qxe4 Nxe4 22. fxe5 dxe5 23. Bd5 Ng3 24. Rfe1 Rac8 (24... Ra5
{- This game}) 25. c3 $17) 21... dxe5 22. Qxe4 Nxe4 23. Bd5 Ng3 24. Rf2 Ra5 (
24... Rac8 $17) 25. c4 Nf5 (25... e4 26. Ng5 Nf5 (26... h6 27. Bxf7+ Kh8 28.
Be6 Rxf2 29. Kxf2 Bxb2 30. Ra2 Bxe6 31. Nxe6 Be5 32. Bxh6 Nf5 33. Bf4 $11) 27.
Bb6 Rxd5 28. cxd5 Rb8 29. Ba7 Rb7 30. Bc5 e3 31. Re2 Rxb2 32. Rxb2 Bxb2 33. Ra2
Be5 34. Nf3 $132) 26. Bb6 Rxd5 27. cxd5 e4 28. g4 $2 (28. Ng5 $1 $132) 28...
exf3 29. gxf5 Rb8 30. Bc5 Rb5 $17 31. Rxa4 $2 (31. Be3 Rxd5 (31... Bxb2 $2 32.
Rxa4 $14) (31... Rxb2 32. Rxf3 gxf5 33. Rg3 $1 Rb3 34. Re1 h5 (34... a3 35. Re2
f4 36. Bxf4 Rxg3+ 37. Bxg3 Bb2 38. Be5 Bxe5 39. Rxe5 a2 40. Re1 Bb5 41. Ra1 Bc4
42. d6 Kf8 $11) 35. Rg2 Kh7 $15) 32. fxg6 hxg6 33. Re1 Bb5 34. Rxf3 Bxb2 $17)
31... Rxc5 $19 32. Ra8+ Bf8 33. f6 Rxd5 34. Rxf3 Bc6 0-1

[Event "Astana m"]
[Site "Astana"]
[Date "2003.01.19"]
[Round "8"]
[White "Sadvakasov, Darmen"]
[Black "Kortschnoj, Viktor Lvovich"]
[Result "1/2-1/2"]
[WhiteElo "2523"]
[BlackElo "2642"]
[Annotator "Tsesarsky,I"]
[PlyCount "106"]
[EventDate "2003.01.10"]
[EventType "match"]
[EventRounds "8"]
[EventCountry "KAZ"]
[SourceTitle "CBM 093"]
[Source "ChessBase"]
[SourceDate "2003.04.01"]
[SourceVersion "1"]
[SourceVersionDate "2003.04.01"]
[SourceQuality "1"]

1. e4 c5 2. Nf3 g6 3. d4 cxd4 4. Nxd4 Bg7 5. Nc3 Nc6 6. Be3 Nf6 7. Bc4 Qa5 8.
O-O O-O 9. Bb3 d6 10. h3 Bd7 11. Re1 Rad8 ({The mainlines are:} 11... Rfe8) (
11... Rac8) (11... Nxd4 12. Bxd4 Bc6 {With interesting approximately equal
position.}) 12. Qd2 (12. Qe2 Nxd4 13. Bxd4 Bc6 14. Rad1 Nd7 (14... b5 15. Nd5
Bxd5 16. exd5 Rd7 17. a3 Rb8 18. Qe3 Qc7 19. Qg5 $132 {[%cal Ga7a5] 1/2-1/2
Nagel,H-Niedermayr,H/AUT 1992/EXT 97 (19)}) 15. Qd2 Bxd4 16. Qxd4 Qc5 17. Nd5
Rfe8 18. Re3 Qxd4 19. Rxd4 e6 20. Nc7 Re7 21. a4 {[%cal Gc7b5]} Nc5 22. Nb5 $11
{0-1 Westerinen,H-Velimirovic,D/Skopje 1971/EXT 2001 (45)}) (12. a3 Nxd4 13.
Bxd4 Bc6 14. Nd5 Rd7 15. Bc3 Qd8 16. Qf3 Ne8 17. Rad1 Bxc3 18. Nxc3 Qa5 19. Qe3
Nf6 20. Nd5 Rc8 21. Rd4 (21. Nxf6+ exf6 $14) 21... Bxd5 22. exd5 Rc5 $11 {
1/2-1/2 Matanovic,A-Cosulich,R/Madonna di Campiglio 1973/EXT 98 (30)}) (12. Nd5
e6 13. Bd2 Qa6 14. Nxf6+ (14. Nc7 Qb6 15. Ndb5 d5 {[%csl Rb5,Rc7][%cal Ga7a6]}
16. exd5 (16. Be3 Qa5 17. Bc5 Nxe4 18. Bxf8 Bxf8 $15 {[%csl Rb5,Rc7][%cal
Gf8c5]}) 16... Nxd5 17. Bxd5 (17. Nxd5 Qxb5 18. Nc3 Qf5 $15) 17... exd5 18. a4
$13 (18. Bg5 Rc8 $17 {0-1 Maxion,D-Lehmann,H/Germany 1983/EXT 97-B (43)}))
14... Bxf6 15. Bc3 $11) 12... Nxd4 {Black simplifies position by NN and BB
exchange. Certain space advantage of White isn't important at all.} ({Black
has several ways to equalize the game:} 12... Rfe8 13. Rad1 a6 14. Nf3 Bc8 15.
Bh6 Ne5 16. Nxe5 Qxe5 $132 (16... dxe5 $6 17. Qe3 Bxh6 18. Qxh6 e6 19. Qe3 Kg7
20. Nb1 Rd4 21. Nd2 Red8 22. c3 Rd3 23. Qe2 Qc7 24. Bc2 R3d7 25. Nf3 Rxd1 26.
Rxd1 Rxd1+ 27. Qxd1 $14 {1/2-1/2 Koch,J-Ivkov,B/Dortmund 1989/CBM 13 (34)})) (
12... e6 13. Rad1 Nxd4 14. Bxd4 Bc6 15. Bxf6 Bxf6 16. Nd5 Qxd2 17. Nxf6+ Kg7
18. Nh5+ Kh6 19. Rxd2 Kxh5 20. f3 Rd7 21. Kf2 Kg5 22. h4+ Kf6 23. g4 h6 24. Kg3
g5 $11 {1/2-1/2 Mitkov,N-Davies,N/Vrnjacka Banja 1991/CBM 23 (49)}) 13. Bxd4
Bc6 14. Rad1 Rfe8 15. Qe3 Nd7 16. Bxg7 ({Not} 16. Bxa7 $4 {in view of} b6 $19 {
[%csl Ra7]}) 16... Kxg7 17. Kh1 {[%cal Gf2f4] Preparing f2-f4.} ({After} 17. f4
Qc5 {Black changes QQ by force, so White wishes to avoid it.}) 17... Qc5 18.
Qe2 Nf6 19. Nd5 Nxe4 $5 {Definitely possibly.} ({Not badly is} 19... Bxd5 {too:
} 20. Bxd5 (20. exd5 a6 21. c3 b5 $11) 20... e6 21. Bb3 (21. Bxb7 Rb8 $15 {
[%csl Rb2]}) 21... b5 $11) 20. Qxe4 e6 {[%csl Rd5][%cal Gc6e4]} 21. Qe3 (21. c3
Bxd5 22. Bxd5 exd5 23. Qf3 Re6 $11) 21... exd5 (21... Bxd5 22. Bxd5 exd5 $11)
22. Qf4 Re6 23. Re3 Rf6 (23... Rde8 24. Rf3 f5 25. Rc3 $132) 24. Qh4 a5 (24...
d4 25. Rxd4 Rxf2 26. Qxf2 Qxd4 27. Qxf7+ Kh6 28. Re7 Rh8 29. c3 Qd2 30. Qf1 Qg5
$14) 25. Kg1 Qb6 ({Strong was} 25... a4 {completely neutralizing any White
initiative:} 26. Bxa4 Qc4 27. Qxc4 (27. Rd4 Qxa2 28. Bb3 Qxb2 $15) 27... dxc4
28. Bxc6 bxc6 $11 {with equal RR endgame.}) 26. Qd4 Qxd4 27. Rxd4 Rf5 $44 28.
f3 Kf6 29. Kf2 g5 30. Red3 {[%csl Rd5]} Ke6 31. a3 Re5 32. Rd2 b5 33. c3 h5 34.
g3 Rh8 35. h4 (35. f4 Rf5 36. Bc2 Rf6 $11) 35... gxh4 $1 ({Badly is} 35... f6
$2 36. f4 {[%csl Re5]} Rf8 $1 37. Bd1 gxf4 38. gxf4 Re4 (38... a4 39. Bf3 Rf5
40. Bg2 {[%cal Gg2h3]} Ke7 41. Rb4 $18 {[%csl Rf5][%cal Gg2h3]}) 39. Bxh5 Rh8
40. Bf3 Rxd4 41. Rxd4 $16) 36. Rxh4 {[%csl Rh5]} Rg5 37. Rd1 f6 {[%cal Gc6e8]}
(37... Rhg8 38. Re1+ Re5 (38... Kd7 39. Rg1 Re5 40. Bd1 {[%csl Rh5][%cal Gf3f4]
} Ke7 41. f4 Re6 42. Bxh5 d4 43. cxd4 $16) 39. Reh1 Reg5 $11 {-like in this
game.}) 38. Rdh1 Rhg8 39. R1h3 {[%csl Rh5][%cal Gh3h5]} Be8 {[%cal Ge8h5]} 40.
Bd1 {[%csl Rh5][%cal Gf3f4]} Ke7 41. f4 R5g7 42. Bxh5 Bd7 $1 $11 43. g4 Bxg4
44. Bxg4 Rxg4 45. Rxg4 Rxg4 46. Rh7+ Ke6 47. Kf3 Rg1 48. Rb7 Rf1+ 49. Ke3 Re1+
50. Kf3 Re4 51. Rxb5 a4 52. Rb4 Rc4 53. Kg4 Re4 1/2-1/2